| 000 | 00636cam a22001451 4500 | ||
|---|---|---|---|
| 082 |
_a940.5425 _bFER |
||
| 100 | 1 |
_aFergusson, Bernard, _948999 |
|
| 245 | 1 | 0 |
_aBeyond the Chindwin, _bbeing an account of the adventures of Number five column of the Wingate expedition into Burma, 1943, _cby Bernard Fergusson, with a foreword by Field-Marshal the Viscount Wavell. |
| 260 |
_aLondon, _bCollins, _c1945. |
||
| 300 |
_a255 p. _bfront., illus. (maps) plates, ports. _c21 cm. |
||
| 526 |
_a0 _b0 _c0 _d940_542500000000000_FER |
||
| 650 | 0 |
_aWorld War, 1939-1945 _928174 |
|
| 650 | 0 |
_aWorld War, 1939-1945 _xCampaigns _zBurma. _937818 |
|
| 942 |
_2ddc _cBK |
||
| 999 |
_c551881 _d551881 |
||